000 00526cam3a220019300 4500
001 tmp15943840
003 UPRA
005 20190812095447.0
008 951114s1983 xx eng u
035 _a(Sirsi) r50754
035 _a(UPRA)tmp15943840
040 _cUPRA
100 1 _aLeech, Geoffrey N.
_6A5358.1
245 1 0 _aPrinciples of pragmatics.
260 _c1983.
949 _aP99.4
_wlcc
_i-64236
_mMAIN
_tBOOK
_lON-SHELF
949 _aP99.4
_wlcc
_c 2
_i33729000121264
_mMAIN
_p2500
_tSHORTLOAN
_lSHORTLOAN
004 50754
999 _c8005
_d8005